Look at the cats / (Record no. 9392)

MARC details
000 -LEADER
fixed length control field 00844nam a22002777a 4500
001 - CONTROL NUMBER
control field 9392
003 - CONTROL NUMBER IDENTIFIER
control field FISKH
005 - DATE AND TIME OF LATEST TRANSACTION
control field 20260428100313.0
008 - FIXED-LENGTH DATA ELEMENTS--GENERAL INFORMATION
fixed length control field 251218b cb ||||| |||| 00| 0 eng d
020 ## - INTERNATIONAL STANDARD BOOK NUMBER
International Standard Book Number 9780462004631
040 ## - CATALOGING SOURCE
Original cataloging agency FISKH
Language of cataloging eng
Transcribing agency FISKH
Modifying agency FISKH
050 ## - LIBRARY OF CONGRESS CALL NUMBER
Classification number PZ7
082 ## - DEWEY DECIMAL CLASSIFICATION NUMBER
Classification number 599.8
100 ## - MAIN ENTRY--PERSONAL NAME
Personal name Sutton, Josephine
Relator term Author
245 ## - TITLE STATEMENT
Title Look at the cats /
Statement of responsibility, etc. Written by Josephine Sutton
260 ## - PUBLICATION, DISTRIBUTION, ETC.
Place of publication, distribution, etc. Singapore :
Name of publisher, distributor, etc. Marshall Cavendish International ,
Date of publication, distribution, etc. 2008
300 ## - PHYSICAL DESCRIPTION
Extent 16 pages :
Other physical details photographs ;
Dimensions 16 x 19 cm
490 ## - SERIES STATEMENT
Series statement My pals are here! :
Volume/sequential designation 3c
505 ## - FORMATTED CONTENTS NOTE
Formatted contents note G<br/>
520 ## - SUMMARY, ETC.
Summary, etc. A book with specialized vocabulary with direct picture support about cheetah, leopard, lion and tiger.
521 8# - TARGET AUDIENCE NOTE
Target audience note 350<br/>
Source Lexile estimate<br/>
521 8# - TARGET AUDIENCE NOTE
Target audience note G<br/>
Source Raz-Plus<br/>
650 ## - SUBJECT ADDED ENTRY--TOPICAL TERM
Topical term or geographic name entry element Animals
Form subdivision Cats
942 ## - ADDED ENTRY ELEMENTS (KOHA)
Source of classification or shelving scheme Dewey Decimal Classification
Koha item type Books
Suppress in OPAC No
Holdings
Withdrawn status Lost status Source of classification or shelving scheme Damaged status Not for loan Collection Home library Current library Shelving location Date acquired Total Checkouts Full call number Barcode Date last seen Copy number Price effective from Koha item type
    Dewey Decimal Classification     Non-Fiction Footprints International School Library Network Toul Tom Poung Campus Footprints International School Library Network Toul Tom Poung Campus TTP Primary Green Bookshelves 12/18/2025   SUT 599.8 PZ7 FISBK06415 12/18/2025 1 12/18/2025 Books
    Dewey Decimal Classification     Non-Fiction Footprints International School Library Network Toul Tom Poung Campus Footprints International School Library Network Toul Tom Poung Campus TTP Primary Green Bookshelves 04/23/2026   SUT 599.8 PZ7 FISTK03194 04/23/2026 2 04/23/2026 Books
    Dewey Decimal Classification     Non-Fiction Footprints International School Library Network Toul Tom Poung Campus Footprints International School Library Network Toul Tom Poung Campus TTP Primary Green Bookshelves 04/24/2026   SUT 599.8 PZ7 FISTK03195 04/24/2026 3 04/24/2026 Books
    Dewey Decimal Classification     Non-Fiction Footprints International School Library Network Toul Tom Poung Campus Footprints International School Library Network Toul Tom Poung Campus TTP Primary Green Bookshelves 04/28/2026   SUT 599.8 PZ7 FISBK06412 04/28/2026 4 04/28/2026 Books